01356nac a22002891u 4500010001700000020002300017020002200040082002200062090001500084100003400099245009300133246005100226260005300277300003400330500007100364500002700435504005100462511002800513650006100541650005500602856009600657856008800753856007600841942002400917999001500941952011000956 a 2001017619 a1856499405 (cased) a1856499413 (limp)00a338.91091724bMAC c5973d5973 aMacrae, Joanna, 10aAiding recovery? :bthe crisis of aid in chronic political emergencies /cJoanna Macrae.30aCrisis of aid in chronic political emergencies aLondon ;aNew York :bZed Books,c.2001.cc.2001. axiv, 191 p. :bill. ;c22 cm. a"In association with ODI, Overseas Development Institute, London." aDistributer: Al-Ahram. aIncludes bibliographical references and index. aCatalogued By: Mahitab. 0aEconomic assistancezDeveloping countriesvCase studies. 0aPublic healthzDeveloping countriesvCase studies.423Contributor biographical informationuhttp://www.loc.gov/catdir/bios/hol059/2001017619.html423Publisher descriptionuhttp://www.loc.gov/catdir/description/hol051/2001017619.html423Table of contentsuhttp://www.loc.gov/catdir/toc/hol051/2001017619.html cBBk338.91091724MAC c5973d5973 00104070aMAINbMAINc1STd2011-11-07ePurchasel0o338.91091724MACp000006972r2025-07-15 00:00:00yBB